Advances in child neuropsychology

Αποθηκεύτηκε σε:
Λεπτομέρειες βιβλιογραφικής εγγραφής
Άλλοι συγγραφείς: Tramontana, Michael G. (Επιμελητής έκδοσης), Hooper, Stephen R. (Επιμελητής έκδοσης)
Μορφή: Βιβλίο
Γλώσσα:English
Δημοσίευση: New York : Springer- Verlag, 1992-1995
Θέματα:
Ετικέτες: Προσθήκη ετικέτας
Δεν υπάρχουν, Καταχωρήστε ετικέτα πρώτοι!

MARC

LEADER 00000nam a2200000 i 4500
001 1/92343
008 991112m19921995 eng d
020 |a 0-387-94302-1 
035 |l 10054014 
040 |a GR-MY-UA  |b gre  |e aacr 
041 0 |a eng 
082 0 |a 618.92805 
245 1 0 |a Advances in child neuropsychology /  |c Michael G. tramontana, Stephen R. Hooper editors 
260 |a New York :   |b Springer- Verlag,   |c 1992-1995 
300 |a ... v.  |b with 39 illustrations 
650 0 0 |a Pediatric neuropsychology  |x Periodicals. 
650 0 0 |a Neuropsychological tests for children  |x Periodicals. 
650 0 0 |a Developmental disabilities. 
700 1 |a Tramontana, Michael G.  |4 edt 
700 1 |a Hooper, Stephen R.  |4 edt 
852 |a INST  |b RHODES  |e 19991112  |h 618.92805 ADV  |p 005400012553  |q 005400012553  |t BK  |y 0  |z v.3 
852 |a INST  |b RHODES  |e 20000309  |h 618.92805 ADV  |p 005400012894  |q 005400012894  |t BK  |y 0  |z v.2 
852 |a INST  |b RHODES  |e 20000309  |h 618.92805 ADV  |p 005400012895  |q 005400012895  |t BK  |y 0  |z v.1 
852 |a INST  |b RHODES  |e 19991112  |h 618.92805 ADV  |p 005400012553  |q 005400012553  |t BK  |v v.3:  |y 0  |z v.3 
852 |a INST  |b RHODES  |e 20000309  |h 618.92805 ADV  |p 005400012894  |q 005400012894  |t BK  |v v.2:  |y 0  |z v.2 
852 |a INST  |b RHODES  |e 20000309  |h 618.92805 ADV  |p 005400012895  |q 005400012895  |t BK  |v v.1:  |y 0  |z v.1 
853 |a INST  |b RHODES  |h 618.92805 ADV 
901 |a BIBL4-1999-3 
909 |a Ρ  |b 068885 
909 |a Ρ  |b 070593 
909 |a Ρ  |b 070594 
922 |a 4ΕΛΗ  |b 199909  |c ΚΠΣ/154  |d GLORY BOOKS 
970 |a ΚΟΥΛΑΚΙΟΤΗ  |b ΛΙΤΣΑ  |z 1999/11/12